| 000 | 01148cam a22002895a 4500 | ||
|---|---|---|---|
| 001 | 17190964 | ||
| 005 | 20161012130208.0 | ||
| 008 | 120301s2012 enkeeea frb 001 0deng d | ||
| 020 | _a9781848854819 (hbk.) | ||
| 040 |
_aMEAUC _cMEAUC _dYDXCP _dBDX _dDLC _dEG-ScBUE _beng |
||
| 043 | _aaw----- | ||
| 082 | 0 | 4 |
_a362.10820956 _222 _bYOU |
| 100 | 1 |
_aYoung, Elise G. _941489 |
|
| 245 | 1 | 0 |
_aGender and nation building in the Middle East : _bthe political economy of health from Mandate Palestine to refugee camps in Jordan / _cElise G. Young. |
| 260 |
_aLondon ; _aNew York : _bI. B. Tauris, _c2012. |
||
| 300 |
_axi, 189 p. : _bill. ; _c23 cm. |
||
| 490 | 0 | _aLibrary of modern Middle East studies. | |
| 500 | _aIndex : p. [186]-189. | ||
| 504 | _aBibliography : p. [168]-185. | ||
| 650 | 7 |
_aNation-building _zMiddle East. _2BUEsh _941491 |
|
| 650 | 7 |
_aMedical care _xPolitical aspects _zMiddle East. _2BUEsh _941492 |
|
| 650 | 7 |
_aWomen, Palestinian Arab _xMedical care _2BUEsh _941494 |
|
| 650 | 7 |
_aMedical policy _zMiddle East. _2BUEsh _941495 |
|
| 651 | 0 |
_aPalestine _xHistory _y1917-1948. _2BUEsh _910618 |
|
| 653 |
_bBUSBOL _cOctober2016 |
||
| 942 | _2ddc | ||
| 999 |
_c22531 _d22503 |
||